00963nam a2200253 i 4500001000300000245015100003246004700154260005100201300003500252500005000287504001200337650002000349650002600369650003600395655003000431700002800461700003000489020001500519040000800534041001100542080001700553008004100570856009800611bg00aPraktyka kierowania :bjak kierować sobą, innymi i firmą : praca zbiorowa /cpod red. Dorothy M. Stewart ; przeł. [z ang.] Andrzej Ehrlich. iTyt. oryg.:aHandbook of management skills aWarszawa :bPolskie Wydaw. Ekonomiczne,c1997. a612, [2] s. :bwykr. ;c23 cm. aOryg. : "Handbook of management skills" 1992. aIndeks. 9aKadryxpolityka 9aZarządzaniexmetody 9aPrzedsiębiorstwoxorganizacja aPodręczniki akademickie1 aEHRLICH, Andrzej.eTł.1 aSTEWART, Dorothy M.eRed. a8320810264 cBPK1 aplhen a65.01(075.8) s pl f |000 0 pol  uhttp://koha.tu.koszalin.pl/cgi-bin/koha/opac-detail.pl?biblionumber=31329yKatalog online BPK